| 000 | 00000nam##2200000za#4500 |
| 001 | 9.696911 |
| 003 | CaOODSP |
| 005 | 20210624235240 |
| 007 | cr ||||||||||| |
| 008 | 150407|2012||||xxc|||||o f|0| 0 eng|d |
| 020 | |a978-1-100-21492-4 |
| 040 | |aCaOODSP|beng |
| 043 | |an-cn--- |
| 086 | 1 |aCH7-15/2012E-PDF |
| 110 | 1 |aCanada. |bCanadian Heritage. |
| 245 | 10|aEvaluation of the accountability and coordination framework for the Roadmap for Canada's Linguistic Duality 2008-2013 Initiative / |h[electronic resource]|c[issued by the] Office of the Chief Audit and Evaluation Executive, Audit and Assurance Services Directorate. |
| 260 | |aOttawa - Ontario : |bCanadian Heritage |cSeptember 2012. |
| 300 | |a52p.|bfigs., tables |
| 590 | |a15-05-Supp|b2015-03-31 |
| 690 | 07|aOfficial languages|2gcpds |
| 775 | 08|tÉvaluation de l'initiative Cadre de responsabilisation et de coordination de la Feuille de route pour la dualité linguistique canadienne 2008-2013 / |w(CaOODSP)9.640990 |
| 856 | 40|ahttp://publications.gc.ca|qPDF|s748 KB|uhttps://publications.gc.ca/collections/collection_2015/pc-ch/CH7-15-2012-eng.pdf |